000 00620nam a2200193 4500
005 20250528125103.0
010 _aENG-144983
020 _a9789357049375
_c500.00
035 _aEN-128515
037 _bDBAD
082 _a158.1
_21
100 _aYadav, Santosh Kumar
_981417
245 _aHow to Win and be Influential/
_cSantosh Kumar Yadav
250 _a1
260 _bBluerose Publishers
_c2023
_aUttar Pradesh
270 _mwww.bluerosepublishers.com
_a3rd Floor, Plot No, 1, F Block, Sector 6, Noida,
_bUttar Pradesh
_e201301
300 _a118p.
_c23cm(hb)
942 _2ddc
_cEN
_h158.1
_mYAD
_e1
999 _c211430
_d211430